<?xml version="1.0" encoding="UTF-8"?>
<record
    xmlns:xsi="http://www.w3.org/2001/XMLSchema-instance"
    xsi:schemaLocation="http://www.loc.gov/MARC21/slim http://www.loc.gov/standards/marcxml/schema/MARC21slim.xsd"
    xmlns="http://www.loc.gov/MARC21/slim">

  <leader>01214nam0a22002891  4500</leader>
  <controlfield tag="001">rc\2871015</controlfield>
  <controlfield tag="005">20250630132500.0</controlfield>
  <datafield tag="035" ind1=" " ind2=" ">
    <subfield code="a">(NLR Aleph) 007024373</subfield>
  </datafield>
  <datafield tag="090" ind1=" " ind2=" ">
    <subfield code="a">5940270</subfield>
    <subfield code="c">5940270</subfield>
  </datafield>
  <datafield tag="100" ind1=" " ind2=" ">
    <subfield code="a">20110714d1928    |||y0rusy50      ca</subfield>
  </datafield>
  <datafield tag="101" ind1="0" ind2=" ">
    <subfield code="a">rus</subfield>
  </datafield>
  <datafield tag="102" ind1=" " ind2=" ">
    <subfield code="a">RU</subfield>
  </datafield>
  <datafield tag="105" ind1=" " ind2=" ">
    <subfield code="a">ag  z   |||||</subfield>
  </datafield>
  <datafield tag="200" ind1="1" ind2=" ">
    <subfield code="a">&#x424;&#x443;&#x433;&#x430;&#x441; &#x437;&#x430;&#x43B;&#x43E;&#x436;&#x435;&#x43D;</subfield>
    <subfield code="e">&#x413;&#x435;&#x440;&#x43E;&#x438;&#x447;&#x435;&#x441;&#x43A;&#x430;&#x44F; &#x43C;&#x435;&#x43B;&#x43E;&#x434;&#x440;&#x430;&#x43C;&#x430; &#x432; &#x43F;&#x44F;&#x442;&#x438; &#x434;&#x435;&#x439;&#x441;&#x442;&#x432;. &#x441; &#x44D;&#x43F;&#x438;&#x43B;&#x43E;&#x433;&#x43E;&#x43C;</subfield>
    <subfield code="f">&#x420;&#x435;&#x433;&#x438;&#x43D;&#x430; &#x42F;&#x43D;&#x443;&#x448;&#x43A;&#x435;&#x432;&#x438;&#x447; &#x438; &#x41D;. &#x42D;&#x43A;&#x43A;</subfield>
    <subfield code="g">&#x421; &#x43F;&#x440;&#x435;&#x434;&#x438;&#x441;&#x43B;. &#x421;. &#x412;&#x430;&#x43B;&#x430;&#x439;&#x442;&#x438;&#x441;&#x430;, &#x43D;&#x43E;&#x442;&#x430;&#x43C;&#x438; &#x438; &#x44D;&#x441;&#x43A;&#x438;&#x437;&#x430;&#x43C;&#x438; &#x43A;&#x43E;&#x441;&#x442;&#x44E;&#x43C;&#x43E;&#x432;</subfield>
  </datafield>
  <datafield tag="210" ind1=" " ind2=" ">
    <subfield code="a">&#x41C;&#x43E;&#x441;&#x43A;&#x432;&#x430;</subfield>
    <subfield code="a">&#x41B;&#x435;&#x43D;&#x438;&#x43D;&#x433;&#x440;&#x430;&#x434;</subfield>
    <subfield code="c">&#x41C;&#x43E;&#x43B;&#x43E;&#x434;&#x430;&#x44F; &#x433;&#x432;&#x430;&#x440;&#x434;&#x438;&#x44F;</subfield>
    <subfield code="d">1928</subfield>
    <subfield code="g">&#x442;&#x438;&#x43F;. "&#x41A;&#x440;&#x430;&#x441;&#x43D;&#x430;&#x44F; &#x41F;&#x440;&#x435;&#x441;&#x43D;&#x44F;" 3-&#x44F; &#x41C;&#x43E;&#x441;&#x43F;&#x43E;&#x43B;&#x438;&#x433;&#x440;&#x430;&#x444;</subfield>
  </datafield>
  <datafield tag="215" ind1=" " ind2=" ">
    <subfield code="a">111, [7] &#x441;., [2] &#x441;. &#x43E;&#x431;&#x44A;&#x44F;&#x432;&#x43B;.</subfield>
    <subfield code="c">&#x438;&#x43B;., &#x43D;&#x43E;&#x442;&#x44B;</subfield>
    <subfield code="d">21&#xD7;15 &#x441;&#x43C;</subfield>
  </datafield>
  <datafield tag="225" ind1="1" ind2=" ">
    <subfield code="a">&#x41A;&#x43B;&#x443;&#x431;&#x43D;&#x44B;&#x439; &#x442;&#x435;&#x430;&#x442;&#x440;</subfield>
  </datafield>
  <datafield tag="300" ind1=" " ind2=" ">
    <subfield code="a">&#x41E;&#x431;&#x43B;&#x43E;&#x436;&#x43A;&#x430; &#x438; &#x438;&#x43B;&#x43B;&#x44E;&#x441;&#x442;&#x440;&#x430;&#x446;&#x438;&#x438;: &#x41D;. &#x42D;&#x43A;&#x43A;</subfield>
  </datafield>
  <datafield tag="700" ind1=" " ind2="1">
    <subfield code="a">&#x42F;&#x43D;&#x443;&#x448;&#x43A;&#x435;&#x432;&#x438;&#x447;</subfield>
    <subfield code="b">&#x420;.&#x412;.</subfield>
    <subfield code="f">1896-1978</subfield>
    <subfield code="g">&#x420;&#x435;&#x433;&#x438;&#x43D;&#x430; &#x412;&#x438;&#x43A;&#x435;&#x43D;&#x442;&#x44C;&#x435;&#x432;&#x43D;&#x430;</subfield>
    <subfield code="4">070</subfield>
  </datafield>
  <datafield tag="701" ind1=" " ind2="1">
    <subfield code="a">&#x42D;&#x43A;&#x43A;</subfield>
    <subfield code="b">&#x41D;.</subfield>
  </datafield>
  <datafield tag="702" ind1=" " ind2="1">
    <subfield code="a">&#x412;&#x430;&#x43B;&#x430;&#x439;&#x442;&#x438;&#x441;</subfield>
    <subfield code="b">&#x421;.</subfield>
    <subfield code="4">080</subfield>
  </datafield>
  <datafield tag="801" ind1=" " ind2="0">
    <subfield code="a">RU</subfield>
    <subfield code="b">NLR</subfield>
    <subfield code="g">psbo</subfield>
  </datafield>
  <datafield tag="801" ind1=" " ind2="1">
    <subfield code="a">RU</subfield>
    <subfield code="b">ELAR</subfield>
    <subfield code="2">rusmarc</subfield>
  </datafield>
  <datafield tag="852" ind1=" " ind2=" ">
    <subfield code="a">NLR</subfield>
    <subfield code="j">57/390</subfield>
  </datafield>
  <datafield tag="942" ind1=" " ind2=" ">
    <subfield code="c">BOOK</subfield>
  </datafield>
  <datafield tag="980" ind1=" " ind2=" ">
    <subfield code="a">NB</subfield>
  </datafield>
  <datafield tag="995" ind1=" " ind2=" ">
    <subfield code="5">2013-10-26</subfield>
    <subfield code="b">NLR02</subfield>
    <subfield code="c">NLR02</subfield>
    <subfield code="e">RFS</subfield>
    <subfield code="f">7024373-10</subfield>
    <subfield code="k">57/390</subfield>
    <subfield code="o">0</subfield>
    <subfield code="r">BOOK</subfield>
    <subfield code="s">57390_</subfield>
  </datafield>
</record>
